000 00532nam a22001937a 4500
003 KOHA_MİRAKIL
005 20251224155411.0
008 251224b tu ||||| |||| 00| 0 tur d
020 _a9786051331522
040 _aTR-AnABB
_btur
_cTR-AnABB
041 _atur
082 _a155
_bSAN 2012
100 1 _aSantrock, John W.,
245 1 0 _aYaşam boyu gelişim /
_cJohn W. Santrock
260 _aAnkara :
_bNobel Yayınları,
_c2012
300 _a716 sayfa ;
_c21 cm
650 0 4 _aGelişim psikolojisi
942 _2ddc
_cBK
999 _c9956
_d9956
900 _bGizem YORULMAZ